|
|
|
|
| LEADER |
00000nab a2200000 a 4500 |
| 001 |
vtls000997888 |
| 003 |
SK-MaSNL |
| 005 |
20260319073920.0 |
| 008 |
040720e18800000xo 0 hun |
| 035 |
|
|
|a RVH501
|
| 040 |
|
|
|a RVGKPD
|b slo
|c RVGKPD
|e AACR2
|
| 041 |
0 |
|
|a slo
|
| 044 |
|
|
|a xo
|c SK
|
| 080 |
|
|
|a 373.31
|2 1981
|
| 080 |
|
|
|a 2
|2 1981
|
| 245 |
0 |
0 |
|a A jólészi ág. és helv. hitv. egyesült iskola felszentelése
|
| 518 |
|
|
|a 07.11.1880
|
| 650 |
0 |
7 |
|a školy cirkevné základné
|2 RVGKPD
|9 1025090
|
| 650 |
0 |
7 |
|a otvorenie slávnostné
|2 RVGKPD
|9 877373
|
| 651 |
|
7 |
|a Jovice (Slovensko)
|2 RVGKPD
|9 58443
|
| 655 |
|
7 |
|a periodikum
|2 snkbucl
|9 29553
|
| 773 |
0 |
8 |
|t Rozsnyói Hiradó
|g Roč. 3, č.47, 21.11.1880, s. 2
|
| 852 |
|
|
|a ZVYKNI
|b KIS3GCP
|
| 999 |
|
|
|c 1683421
|d 1685351
|